| 000 | 00498nam a2200157 i 4500 | ||
|---|---|---|---|
| 001 | 73905 | ||
| 003 | ES-MaACL | ||
| 005 | 20230906171945.0 | ||
| 007 | t| | ||
| 008 | 040913s1913 sp ||||1| spa d | ||
| 100 | 1 |
_aGóngora Echenique, Manuel. _958244 |
|
| 245 | 1 | 0 |
_aAgonía de un sentimental _b: (novela) / _cManuel Góngora Echenique. |
| 260 |
_aMadrid : _b[s.n.], _c1913 ( _fTip. Sindicato de Publicidad) |
||
| 300 |
_a43 p. ; _c19 cm. |
||
| 852 |
_aES-MaACL _jT-1335-F-10 _z.- Ded. ms. del autor |
||
| 999 |
_c73905 _d73905 |
||